Harry Potter Books About the Weasleys Quiz Stats

 Plays Quiz Updated Mar 2, 2020

Support Sporcle.
Go Orange.
Score 0/7 Timer 03:00
3 Plays Today
% Correct
Ginny Weasley and the Evil Diary
95.2%
Charlie Weasley and the Smuggled Dragon
77%
George Weasley and the Excruciating Ear Eradication
75.1%
Arthur Weasley and the Grand Prize Galleon Draw
63.7%
Percy Weasley and the Department of International Magical Cooperation
60.4%
Bill Weasley and the Bad Dog Bite
60.3%
Molly Weasley and the Unbeatable Boggart
59.8%

From the Vault

Clicktion on the Fiction (1990s)

by MSUKent

Oh right, we remember the '90s, back when books were all printed on paper. So weird.
Remove Ads.
Support Sporcle.
Get the best of Sporcle when you Go Orange. This ad-free experience offers more features, more stats, and more fun while also helping to support Sporcle. Thank you for becoming a member.

Show Comments

Extras

Top Quizzes Today


Score Distribution

Your Account Isn't Verified!

In order to create a playlist on Sporcle, you need to verify the email address you used during registration. Go to your Sporcle Settings to finish the process.

Report this User

Report this user for behavior that violates our Community Guidelines.

Details: